Normal view
MARC view
- الحلالشة ، عبد الرحمن احمد
Entry Personal Name
001 - CONTROL NUMBER
- control field: 50355
003 - CONTROL NUMBER IDENTIFIER
- control field: JO-AjAnu
005 - DATE AND TIME OF LATEST TRANSACTION
- control field: 20230606082306.0
008 - FIXED-LENGTH DATA ELEMENTS
- fixed length control field: 230606|| aca||aabn | a|a d
040 ## - CATALOGING SOURCE
- Original cataloging agency: JO-AjAnu
- Transcribing agency: JO-AjAnu
100 ## - HEADING--PERSONAL NAME
- Personal name: الحلالشة ، عبد الرحمن احمد
670 ## - SOURCE DATA FOUND
- Source citation: Work cat.: (JO-AjAnu)25744: الحلالشة ، عبد الرحمن احمد , author, المختصر في شرح القانون المدني الأردني عقد البيع " دراسة متفابلة مع الفقة الإسلامي والقوانين المدنية العربية "